| 000 | 00841cac a22002291u 4500 | ||
|---|---|---|---|
| 090 | _c4571 | ||
| 008 | 081112t1995 xxu||||| |||| 00| 0 eng d | ||
| 010 | _a94030802 | ||
| 020 | _a0205160506 (alk. paper) | ||
| 020 | _a0205166962 : | ||
| 082 | 0 | 0 |
_a150 _bB2651 |
| 100 | _aBaron, Robert A. | ||
| 245 | 1 | 0 |
_aPsychology / _cRobert A. Baron ; with the special assistance of Michael J. Kalsher. |
| 250 | _a3rd ed. | ||
| 260 |
_aBoston : _bAllyn and Bacon, _cc1995. |
||
| 300 |
_a1 v. (various pagings) : _bcol. ill. ; _c29 cm. |
||
| 504 | _aIncludes bibliographical references and indexes. | ||
| 650 | 0 | 0 | _aPsychology. |
| 700 | 1 | _aKalsher, Michael J. | |
| 942 |
_cBB _k150B2651 _2ddc |
||
| 999 |
_c4571 _d4571 |
||